[Event "Haringey Masters"]
[Site "Muswell Hill London"]
[Date "1988.??.??"]
[Round "?"]
[White "Abramovic, Bosko"]
[Black "Pein, Malcolm"]
[Result "1/2-1/2"]
[WhiteElo "2445"]
[BlackElo "2410"]
[PlyCount "34"]
[EventDate "1988.07.21"]
[EventType "schev"]
[EventRounds "9"]
[EventCountry "ENG"]
[SourceTitle "BritBase"]
[Source "John Saunders"]
[SourceDate "2020.09.07"]
[SourceVersion "1"]
[SourceVersionDate "2020.09.07"]
[SourceQuality "2"]

1. e4 d6 2. d4 Nf6 3. Nc3 g6 4. Nf3 Bg7 5. Be2 O-O 6. O-O c5 7. d5 Na6 8. Re1
Nc7 9. a4 a6 10. Bf4 b6 11. Qd2 Bb7 12. Bc4 Qd7 13. Qd3 Rab8 14. Rad1 Bc8 15.
Qd2 b5 16. axb5 axb5 17. Bf1 b4 1/2-1/2

[Event "Haringey Masters"]
[Site "Muswell Hill London"]
[Date "1988.??.??"]
[Round "?"]
[White "Abramovic, Bosko"]
[Black "Hebden, Mark L"]
[Result "1/2-1/2"]
[WhiteElo "2445"]
[BlackElo "2460"]
[PlyCount "111"]
[EventDate "1988.07.21"]
[EventType "schev"]
[EventRounds "9"]
[EventCountry "ENG"]
[SourceTitle "BritBase"]
[Source "John Saunders"]
[SourceDate "2020.09.07"]
[SourceVersion "1"]
[SourceVersionDate "2020.09.07"]
[SourceQuality "2"]

1. e4 e5 2. Nf3 Nc6 3. Bb5 a6 4. Ba4 Nf6 5. O-O Be7 6. Re1 b5 7. Bb3 O-O 8. a4
Bb7 9. d3 d6 10. Nc3 Na5 11. Ba2 b4 12. Ne2 Rb8 13. Ng3 c5 14. Nd2 Ne8 15. Nc4
Nxc4 16. Bxc4 Nc7 17. Nf5 Bf6 18. f4 Ne6 19. Qg4 Kh8 20. fxe5 Bxe5 21. Re3 Qg5
22. Qd1 g6 23. Rf3 Qh5 24. Ng3 Qh4 25. Qf1 Nd4 26. Rf2 f5 27. c3 Nc6 28. Bd2
bxc3 29. bxc3 Na5 30. Be6 f4 31. Ne2 f3 32. Ng3 Qe7 33. Ba2 fxg2 34. Qxg2 c4
35. dxc4 Bxg3 36. hxg3 Bxe4 37. Rxf8+ Rxf8 38. Re1 Qa7+ 39. Be3 Qxe3+ 40. Rxe3
Bxg2 41. Kxg2 Nb7 42. c5 Nxc5 43. a5 Rb8 44. Bc4 h5 45. Re7 Rb2+ 46. Kh3 Rc2
47. Bf7 Rxc3 48. Bxg6 Ra3 49. Bxh5 Rxa5 50. g4 Nd3 51. Kg3 Re5 52. Ra7 Nc5 53.
Bg6 a5 54. Bf5 Kg8 55. Kf4 Ne6+ 56. Bxe6+ 1/2-1/2

[Event "Haringey Masters"]
[Site "Muswell Hill London"]
[Date "1988.??.??"]
[Round "?"]
[White "Andruet, Gilles"]
[Black "Lukacs, Peter"]
[Result "1-0"]
[WhiteElo "2450"]
[BlackElo "2490"]
[PlyCount "73"]
[EventDate "1988.07.21"]
[EventType "schev"]
[EventRounds "9"]
[EventCountry "ENG"]
[SourceTitle "BritBase"]
[Source "John Saunders"]
[SourceDate "2020.09.07"]
[SourceVersion "1"]
[SourceVersionDate "2020.09.07"]
[SourceQuality "2"]

1. d4 Nf6 2. Nf3 d5 3. Bg5 Ne4 4. Bh4 c5 5. dxc5 Nc6 6. e3 g6 7. Nbd2 Nxc5 8.
Nb3 Nxb3 9. axb3 Bg7 10. c3 O-O 11. b4 Qd6 12. b5 Ne5 13. Nxe5 Bxe5 14. Bg3
Bxg3 15. hxg3 e5 16. Rh4 Be6 17. Qa4 a5 18. bxa6 bxa6 19. Qa3 Qc7 20. Ra4 Rfb8
21. Bxa6 Rb6 22. Ra5 Rab8 23. Rc5 Qd6 24. Be2 Kg7 25. b4 Rc6 26. Rxc6 Qxc6 27.
b5 Qc7 28. Qb4 Bc8 29. c4 dxc4 30. Qxc4 Qb6 31. Qc3 f6 32. Rc1 Kh6 33. Qc7 Be6
34. Qxb6 Rxb6 35. Rc7 Bd5 36. f3 f5 37. Kd2 1-0

[Event "Haringey Masters"]
[Site "Muswell Hill London"]
[Date "1988.??.??"]
[Round "?"]
[White "Andruet, Gilles"]
[Black "Murey, Jacob"]
[Result "0-1"]
[WhiteElo "2450"]
[BlackElo "2545"]
[PlyCount "44"]
[EventDate "1988.07.21"]
[EventType "schev"]
[EventRounds "9"]
[EventCountry "ENG"]
[SourceTitle "BritBase"]
[Source "John Saunders"]
[SourceDate "2020.09.07"]
[SourceVersion "1"]
[SourceVersionDate "2020.09.07"]
[SourceQuality "2"]

1. d4 g6 2. c4 Bg7 3. Nc3 d6 4. e4 Nc6 5. d5 Nd4 6. Be3 c5 7. Nge2 Qb6 8. Na4
Qa5+ 9. Bd2 Qa6 10. Nxd4 Bxd4 11. Nc3 Bd7 12. Nb5 Bxb5 13. cxb5 Qb6 14. Qa4 c4
15. Bxc4 Bxf2+ 16. Ke2 Nf6 17. Rhf1 Nxe4 18. Bh6 f5 19. g4 f4 20. Bxf4 O-O 21.
Bh6 Qd4 22. Qc2 Rac8 0-1

[Event "Haringey Masters"]
[Site "Muswell Hill London"]
[Date "1988.??.??"]
[Round "?"]
[White "Davidovic, Aleksandar"]
[Black "Pein, Malcolm"]
[Result "1-0"]
[WhiteElo "2420"]
[BlackElo "2410"]
[PlyCount "71"]
[EventDate "1988.07.21"]
[EventType "schev"]
[EventRounds "9"]
[EventCountry "ENG"]
[SourceTitle "BritBase"]
[Source "John Saunders"]
[SourceDate "2020.09.07"]
[SourceVersion "1"]
[SourceVersionDate "2020.09.07"]
[SourceQuality "2"]

1. d4 Nf6 2. Nf3 g6 3. c4 Bg7 4. g3 O-O 5. Bg2 d6 6. Nc3 Nbd7 7. O-O e5 8. e4
c6 9. h3 Qb6 10. Re1 exd4 11. Nxd4 Re8 12. Nc2 Nc5 13. Rb1 Ng4 14. hxg4 Bxc3
15. Bd2 Bxg4 16. Qxg4 Bxd2 17. Red1 Bh6 18. b4 Ne6 19. Rxd6 Qa6 20. Qe2 Qxa2
21. Rbd1 Red8 22. Bh3 Rxd6 23. Rxd6 Ng5 24. Bg2 a5 25. bxa5 Rxa5 26. e5 Bf8 27.
Rd2 Ne6 28. Bh3 Ng5 29. Kg2 Nxh3 30. Kxh3 Qb2 31. Nd4 Qc1 32. Nf3 Qh1+ 33. Nh2
Be7 34. Rd1 Ra2 35. Qd3 Ra3 36. Qb1 1-0

[Event "Haringey Masters"]
[Site "Muswell Hill London"]
[Date "1988.??.??"]
[Round "?"]
[White "Davidovic, Aleksandar"]
[Black "Kouatly, Bachar"]
[Result "1/2-1/2"]
[WhiteElo "2420"]
[BlackElo "2440"]
[PlyCount "169"]
[EventDate "1988.07.21"]
[EventType "schev"]
[EventRounds "9"]
[EventCountry "ENG"]
[SourceTitle "BritBase"]
[Source "John Saunders"]
[SourceDate "2020.09.07"]
[SourceVersion "1"]
[SourceVersionDate "2020.09.07"]
[SourceQuality "2"]

1. Nf3 Nf6 2. c4 g6 3. d4 Bg7 4. g3 d5 5. cxd5 Nxd5 6. Bg2 Nb6 7. Nc3 Nc6 8. d5
Bxc3+ 9. bxc3 Qxd5 10. Qxd5 Nxd5 11. Nd4 Nxd4 12. cxd4 c6 13. Ba3 Nb6 14. O-O
Bf5 15. Rfc1 Kd7 16. e4 Be6 17. Bf1 f5 18. f3 Rhf8 19. Rc3 fxe4 20. fxe4 Rf7
21. Bc1 Nc8 22. d5 cxd5 23. Bb5+ Kd8 24. exd5 Bd7 25. Bf1 Nb6 26. Bg2 Rc8 27.
Rxc8+ Nxc8 28. a4 a5 29. Bd2 b6 30. Be3 Rf8 31. Ra3 Kc7 32. Bf4+ Nd6 33. Bg5
Re8 34. Bf3 Bf5 35. Re3 Kd7 36. Bd1 Ne4 37. Bf4 Nf6 38. Be2 Nxd5 39. Bb5+ Kd8
40. Bxe8 Kxe8 41. Rb3 Kd7 42. Be5 Bc2 43. Ra3 Kc6 44. Bd4 b5 45. axb5+ Kxb5 46.
Ra2 Nb4 47. Ra3 Nc6 48. Bb2 e5 49. Rc3 Bf5 50. Rxc6 Kxc6 51. Bxe5 Kd5 52. Bg7
Ke4 53. Kf2 Bh3 54. Ke2 g5 55. Kd2 g4 56. Kc1 Bf1 57. Kb2 Kf3 58. Ka1 Kg2 59.
Be5 Kxh2 60. Bb8 Kg2 61. Bc7 a4 62. Bb8 Bc4 63. Bc7 h5 64. Bb8 Kh3 65. Bc7 h4
66. gxh4 Kxh4 67. Bb8 g3 68. Bxg3+ Kxg3 69. Kb1 Kf2 70. Ka1 Ke3 71. Kb2 Kd2 72.
Kb1 Kc3 73. Ka1 Kb3 74. Kb1 Ka3 75. Ka1 Bb5 76. Kb1 Bd3+ 77. Ka1 Bb1 78. Kxb1
Kb3 79. Ka1 a3 80. Kb1 Kb4 81. Ka2 Ka4 82. Ka1 Kb3 83. Kb1 Kb4 84. Ka2 Ka4 85.
Ka1 1/2-1/2

[Event "Haringey Masters"]
[Site "Muswell Hill London"]
[Date "1988.??.??"]
[Round "?"]
[White "Davidovic, Aleksandar"]
[Black "Andruet, Gilles"]
[Result "1/2-1/2"]
[WhiteElo "2420"]
[BlackElo "2450"]
[PlyCount "29"]
[EventDate "1988.07.21"]
[EventType "schev"]
[EventRounds "9"]
[EventCountry "ENG"]
[SourceTitle "BritBase"]
[Source "John Saunders"]
[SourceDate "2020.09.07"]
[SourceVersion "1"]
[SourceVersionDate "2020.09.07"]
[SourceQuality "2"]

1. e4 Nf6 2. d3 d5 3. Nd2 e6 4. g3 b6 5. Bg2 dxe4 6. Nxe4 Nxe4 7. Bxe4 c6 8.
Ne2 Bb7 9. O-O Nd7 10. d4 Nf6 11. Bg2 Be7 12. c3 O-O 13. Nf4 Qc8 14. Nd3 Rd8
15. Qc2 1/2-1/2

[Event "Haringey Masters"]
[Site "Muswell Hill London"]
[Date "1988.??.??"]
[Round "?"]
[White "Davidovic, Aleksandar"]
[Black "Hebden, Mark L"]
[Result "1-0"]
[WhiteElo "2420"]
[BlackElo "2460"]
[PlyCount "87"]
[EventDate "1988.07.21"]
[EventType "schev"]
[EventRounds "9"]
[EventCountry "ENG"]
[SourceTitle "BritBase"]
[Source "John Saunders"]
[SourceDate "2020.09.07"]
[SourceVersion "1"]
[SourceVersionDate "2020.09.07"]
[SourceQuality "2"]

1. Nf3 Nf6 2. c4 g6 3. d4 Bg7 4. g3 O-O 5. Bg2 d6 6. O-O Nc6 7. Nc3 a6 8. h3
Rb8 9. Be3 b5 10. Nd2 Bb7 11. cxb5 axb5 12. Nxb5 Nb4 13. Nc3 Bxg2 14. Kxg2 Nbd5
15. Qc2 c5 16. dxc5 Nxe3+ 17. fxe3 dxc5 18. Nc4 Rb4 19. b3 Nd5 20. Nxd5 Qxd5+
21. e4 Qe6 22. Rad1 Rfb8 23. Qd3 Ra8 24. Rd2 Rbb8 25. Qd5 Ra6 26. e3 Rba8 27.
Rff2 Bc3 28. Qxe6 Rxe6 29. Rd5 Bb4 30. e5 Rea6 31. a4 Rb8 32. Rc2 h5 33. Rc1
Kg7 34. Rd7 Re6 35. Kf3 Kf8 36. Rcd1 Ke8 37. R7d3 Ra8 38. g4 f6 39. Ke4 h4 40.
Rd5 Kf7 41. Rd8 Rxd8 42. Rxd8 Bc3 43. Kd5 Bb4 44. Rf8+ 1-0

[Event "Haringey Masters"]
[Site "Muswell Hill London"]
[Date "1988.??.??"]
[Round "?"]
[White "Gallagher, Joseph G"]
[Black "Orr, Mark JL"]
[Result "1/2-1/2"]
[WhiteElo "2445"]
[BlackElo "2365"]
[PlyCount "71"]
[EventDate "1988.07.21"]
[EventType "schev"]
[EventRounds "9"]
[EventCountry "ENG"]
[SourceTitle "BritBase"]
[Source "John Saunders"]
[SourceDate "2020.09.07"]
[SourceVersion "1"]
[SourceVersionDate "2020.09.07"]
[SourceQuality "2"]

1. e4 e6 2. d4 d5 3. Nc3 dxe4 4. Nxe4 Bd7 5. Nf3 Bc6 6. Bd3 Nd7 7. c4 Bxe4 8.
Bxe4 c6 9. O-O Ngf6 10. Bc2 Be7 11. Bf4 O-O 12. Qd3 Re8 13. Rad1 g6 14. Rfe1
Bf8 15. Ne5 Nh5 16. Bd2 Nxe5 17. Rxe5 Ng7 18. Bc3 Nf5 19. Qf3 Bg7 20. Bxf5 exf5
21. Rxe8+ Qxe8 22. d5 Bxc3 23. Qxc3 Rd8 24. d6 c5 25. b4 cxb4 26. Qxb4 b6 27.
Kf1 Qc6 28. Rd4 Qc5 29. Qxc5 bxc5 30. Rd5 Kg7 31. Ke2 Kf6 32. Kd3 Ke6 33. Kc2
Rxd6 34. Rxc5 Rd4 35. Rc7 a5 36. Rc6+ 1/2-1/2

[Event "Haringey Masters"]
[Site "Muswell Hill London"]
[Date "1988.??.??"]
[Round "?"]
[White "Gallagher, Joseph G"]
[Black "Ward, Christopher"]
[Result "0-1"]
[WhiteElo "2445"]
[BlackElo "2325"]
[PlyCount "150"]
[EventDate "1988.07.21"]
[EventType "schev"]
[EventRounds "9"]
[EventCountry "ENG"]
[SourceTitle "BritBase"]
[Source "John Saunders"]
[SourceDate "2020.09.07"]
[SourceVersion "1"]
[SourceVersionDate "2020.09.07"]
[SourceQuality "2"]

1. e4 c5 2. Nf3 d6 3. d4 cxd4 4. Nxd4 Nf6 5. Nc3 g6 6. Be2 Bg7 7. O-O O-O 8.
Nb3 Nc6 9. Bg5 a6 10. f4 b5 11. Bf3 b4 12. Na4 Bd7 13. Rf2 Qc7 14. a3 Rab8 15.
axb4 Nxb4 16. c3 Nc6 17. Nd4 Na5 18. f5 Nc4 19. b3 Ne5 20. c4 h6 21. Be3 Bxa4
22. Rxa4 g5 23. Rxa6 g4 24. Be2 Nxe4 25. Rf4 Qb7 26. Ra5 h5 27. Nb5 Ra8 28.
Rxa8 Rxa8 29. Qb1 Nf6 30. Bd4 Bh6 31. Rf1 Ne4 32. Qb2 f6 33. Ra1 Rxa1+ 34. Qxa1
Nd2 35. Qd1 Qe4 36. Bb6 Be3+ 37. Bxe3 Qxe3+ 38. Kh1 Nxb3 39. h3 gxh3 40. Bxh5
hxg2+ 41. Kxg2 Qd2+ 42. Qxd2 Nxd2 43. Nc7 Ndxc4 44. Nd5 Kf8 45. Kg3 Nc6 46. Kf4
N4e5 47. Ke4 Kg7 48. Be8 Kh6 49. Nb6 Nb4 50. Nc8 Kg7 51. Kd4 Kf8 52. Bh5 Na6
53. Ke4 Nc7 54. Nb6 Nc6 55. Bd1 Ne5 56. Bh5 Nf7 57. Bd1 Ng5+ 58. Kd4 Ke8 59.
Bh5+ Kd8 60. Be2 Nf7 61. Bf1 Ne5 62. Be2 Nd7 63. Nd5 Nxd5 64. Kxd5 Nc5 65. Kc6
Ke8 66. Bc4 Kf8 67. Kc7 e5 68. Kxd6 Ne4+ 69. Kd5 Ng3 70. Bb5 Kg7 71. Bd3 Kh6
72. Bc2 Kg5 73. Bb1 Nxf5 74. Ke6 Ng3 75. Kd5 Kf4 0-1

[Event "Haringey Masters"]
[Site "Muswell Hill London"]
[Date "1988.??.??"]
[Round "?"]
[White "Gallagher, Joseph G"]
[Black "Abramovic, Bosko"]
[Result "1/2-1/2"]
[WhiteElo "2445"]
[BlackElo "2445"]
[PlyCount "91"]
[EventDate "1988.07.21"]
[EventType "schev"]
[EventRounds "9"]
[EventCountry "ENG"]
[SourceTitle "BritBase"]
[Source "John Saunders"]
[SourceDate "2020.09.07"]
[SourceVersion "1"]
[SourceVersionDate "2020.09.07"]
[SourceQuality "2"]

1. e4 c5 2. Nf3 e6 3. d4 cxd4 4. Nxd4 a6 5. Bd3 g6 6. O-O Bg7 7. Be3 Nf6 8. Nc3
d6 9. Qe2 O-O 10. Kh1 Nbd7 11. a4 b6 12. Nb3 Bb7 13. Rad1 Qc7 14. f3 Rfd8 15.
Qf2 d5 16. exd5 Nxd5 17. Nxd5 Bxd5 18. Be4 Bxe4 19. fxe4 Rf8 20. c3 Rab8 21.
Bf4 e5 22. Bg5 f6 23. Be3 Qc6 24. a5 Rf7 25. axb6 Nxb6 26. Na5 Qc7 27. Bxb6
Qxb6 28. Qxb6 Rxb6 29. Nc4 Rc6 30. Rd8+ Bf8 31. Ne3 Kg7 32. g4 Rb7 33. Rfd1 Bc5
34. R1d7+ Rxd7 35. Rxd7+ Kh6 36. Nd5 Kg5 37. h3 f5 38. b4 Bf2 39. gxf5 gxf5 40.
exf5 Kxf5 41. Ne7+ Ke6 42. Nxc6 Kxd7 43. Nxe5+ Ke6 44. Nd3 Be3 45. c4 Kf5 46.
c5 1/2-1/2

[Event "Haringey Masters"]
[Site "Muswell Hill London"]
[Date "1988.??.??"]
[Round "?"]
[White "Gallagher, Joseph G"]
[Black "Davidovic, Aleksandar"]
[Result "1-0"]
[WhiteElo "2445"]
[BlackElo "2420"]
[PlyCount "75"]
[EventDate "1988.07.21"]
[EventType "schev"]
[EventRounds "9"]
[EventCountry "ENG"]
[SourceTitle "BritBase"]
[Source "John Saunders"]
[SourceDate "2020.09.07"]
[SourceVersion "1"]
[SourceVersionDate "2020.09.07"]
[SourceQuality "2"]

1. e4 e5 2. f4 d5 3. exd5 c6 4. Nc3 exf4 5. Nf3 Bd6 6. d4 Ne7 7. Bc4 O-O 8. O-O
Bg4 9. dxc6 Nbxc6 10. Ne4 Bc7 11. c3 Nd5 12. Nc5 Rb8 13. Qe1 Re8 14. Qh4 Qxh4
15. Nxh4 Ne3 16. Bxe3 Rxe3 17. Rae1 Rxe1 18. Rxe1 Kf8 19. Nf3 Bb6 20. Ng5 h6
21. Nxf7 Bc7 22. Nh8 g5 23. Ne6+ Bxe6 24. Rxe6 Na5 25. Ng6+ Kf7 26. Bd5 Rd8 27.
c4 Bb6 28. Rxb6+ Rxd5 29. cxd5 axb6 30. Ne5+ Ke7 31. b4 Kd6 32. bxa5 bxa5 33.
Nc4+ Kxd5 34. Nxa5 b5 35. Nb3 g4 36. Kf2 b4 37. g3 f3 38. Ke3 1-0

[Event "Haringey Masters"]
[Site "Muswell Hill London"]
[Date "1988.??.??"]
[Round "?"]
[White "Hebden, Mark L"]
[Black "Orr, Mark JL"]
[Result "1/2-1/2"]
[WhiteElo "2460"]
[BlackElo "2365"]
[PlyCount "88"]
[EventDate "1988.07.21"]
[EventType "schev"]
[EventRounds "9"]
[EventCountry "ENG"]
[SourceTitle "BritBase"]
[Source "John Saunders"]
[SourceDate "2020.09.07"]
[SourceVersion "1"]
[SourceVersionDate "2020.09.07"]
[SourceQuality "2"]

1. e4 c6 2. d4 d5 3. exd5 cxd5 4. c4 Nf6 5. Nc3 Nc6 6. Bg5 dxc4 7. d5 Na5 8.
Nf3 e6 9. Bxf6 gxf6 10. Bxc4 Nxc4 11. Qa4+ Bd7 12. Qxc4 Rc8 13. Qh4 f5 14. dxe6
Bxe6 15. Qa4+ Qd7 16. Qxd7+ Kxd7 17. O-O Bg7 18. Rad1+ Kc7 19. Nd5+ Kb8 20. b3
Rhd8 21. Nf4 Rxd1 22. Rxd1 Rc2 23. h4 Rxa2 24. Nxe6 fxe6 25. Rd7 Bc3 26. Rxh7
Rb2 27. h5 Rxb3 28. h6 Rb1+ 29. Kh2 Rd1 30. Ng5 Rd6 31. Rf7 a5 32. h7 a4 33.
Rf8+ Ka7 34. Rc8 Rc6 35. h8=Q Bxh8 36. Rxh8 a3 37. Rd8 b5 38. Nf3 a2 39. Rd1 b4
40. Ra1 Rc2 41. Nd4 Rb2 42. Nc6+ Kb6 43. Nxb4 Rxb4 44. Rxa2 Kc5 1/2-1/2

[Event "Haringey Masters"]
[Site "Muswell Hill London"]
[Date "1988.??.??"]
[Round "?"]
[White "Hebden, Mark L"]
[Black "Ward, Christopher"]
[Result "1-0"]
[WhiteElo "2460"]
[BlackElo "2325"]
[PlyCount "71"]
[EventDate "1988.07.21"]
[EventType "schev"]
[EventRounds "9"]
[EventCountry "ENG"]
[SourceTitle "BritBase"]
[Source "John Saunders"]
[SourceDate "2020.09.07"]
[SourceVersion "1"]
[SourceVersionDate "2020.09.07"]
[SourceQuality "2"]

1. d4 Nf6 2. c4 e6 3. Nf3 c5 4. d5 b5 5. dxe6 fxe6 6. cxb5 d5 7. Nc3 Bb7 8. e4
d4 9. e5 Nfd7 10. Nb1 Be7 11. Bc4 O-O 12. Nbd2 Kh8 13. O-O a6 14. bxa6 Nxa6 15.
Bxe6 Nb4 16. Nc4 Ra6 17. Bg4 Bd5 18. b3 Qe8 19. Ne1 Bh4 20. f4 Bxc4 21. Bxd7
Qxd7 22. bxc4 Bxe1 23. Rxe1 d3 24. Rb1 Rxa2 25. e6 Qd4+ 26. Be3 Qe4 27. Qf3
Qxf3 28. gxf3 Nc2 29. e7 Re8 30. Red1 Nxe3 31. Rxd3 Nf5 32. Rb8 Ra1+ 33. Kg2
Ra2+ 34. Kh3 Kg8 35. Rxe8+ Kf7 36. Rf8+ 1-0

[Event "Haringey Masters"]
[Site "Muswell Hill London"]
[Date "1988.??.??"]
[Round "?"]
[White "Hodgson, Julian M"]
[Black "Orr, Mark JL"]
[Result "1/2-1/2"]
[WhiteElo "2525"]
[BlackElo "2365"]
[PlyCount "44"]
[EventDate "1988.07.21"]
[EventType "schev"]
[EventRounds "9"]
[EventCountry "ENG"]
[SourceTitle "BritBase"]
[Source "John Saunders"]
[SourceDate "2020.09.07"]
[SourceVersion "1"]
[SourceVersionDate "2020.09.07"]
[SourceQuality "2"]

1. e4 c6 2. d4 d5 3. f3 e6 4. Nc3 Bb4 5. Bf4 Nf6 6. Qd3 b6 7. O-O-O Ba6 8. Qe3
Bxf1 9. Rxf1 O-O 10. e5 Nfd7 11. Bg5 Be7 12. Bxe7 Qxe7 13. f4 c5 14. Nf3 Nc6
15. Nb5 a6 16. Nd6 Nxd4 17. Nxd4 cxd4 18. Qxd4 f6 19. h4 Rad8 20. Nb7 Rb8 21.
Nd6 Rbd8 22. Nb7 Rb8 1/2-1/2

[Event "Haringey Masters"]
[Site "Muswell Hill London"]
[Date "1988.??.??"]
[Round "?"]
[White "Hodgson, Julian M"]
[Black "Ward, Christopher"]
[Result "1-0"]
[WhiteElo "2525"]
[BlackElo "2325"]
[PlyCount "57"]
[EventDate "1988.07.21"]
[EventType "schev"]
[EventRounds "9"]
[EventCountry "ENG"]
[SourceTitle "BritBase"]
[Source "John Saunders"]
[SourceDate "2020.09.07"]
[SourceVersion "1"]
[SourceVersionDate "2020.09.07"]
[SourceQuality "2"]

1. d4 Nf6 2. Nf3 e6 3. Bg5 h6 4. Bxf6 Qxf6 5. e4 d6 6. Nc3 Nd7 7. Qd2 a6 8.
O-O-O g6 9. e5 dxe5 10. dxe5 Qe7 11. Ne4 Bg7 12. Qc3 Nb6 13. Nf6+ Kf8 14. Be2
Bd7 15. Qxc7 Bb5 16. Qxb6 Bxe2 17. Rd7 Bxf6 18. Rxe7 Bxe7 19. Qxb7 Re8 20. Qe4
Bb5 21. a4 Bd7 22. Rd1 Bc8 23. Nd4 Rd8 24. Nc6 Rxd1+ 25. Kxd1 Bc5 26. Qc4 Bxf2
27. Nd8 Kg7 28. Qxc8 Bh4 29. Nxe6+ 1-0

[Event "Haringey Masters"]
[Site "Muswell Hill London"]
[Date "1988.??.??"]
[Round "?"]
[White "Hodgson, Julian M"]
[Black "Jonsson, Bjorgvin"]
[Result "0-1"]
[WhiteElo "2525"]
[BlackElo "2375"]
[PlyCount "78"]
[EventDate "1988.07.21"]
[EventType "schev"]
[EventRounds "9"]
[EventCountry "ENG"]
[SourceTitle "BritBase"]
[Source "John Saunders"]
[SourceDate "2020.09.07"]
[SourceVersion "1"]
[SourceVersionDate "2020.09.07"]
[SourceQuality "2"]

1. d4 Nf6 2. Nf3 g6 3. Nc3 d5 4. Bf4 Bg7 5. e3 Bf5 6. Be2 O-O 7. Ne5 Nbd7 8. g4
Be6 9. h4 Ne4 10. Nxe4 dxe4 11. h5 Nxe5 12. dxe5 c6 13. h6 Qa5+ 14. Qd2 Qxd2+
15. Kxd2 Rfd8+ 16. Kc3 Bh8 17. Rad1 f6 18. Bg3 g5 19. Rd4 fxe5 20. Rxe4 Bd5 21.
Bc4 e6 22. f3 b5 23. Bxd5 exd5 24. Rxe5 Rf8 25. Rh5 Rxf3 26. Rhxg5+ Kf7 27. Bf4
Bxe5+ 28. Rxe5 Re8 29. Rg5 Re4 30. Kd2 Ke6 31. Rf5 Rf2+ 32. Ke1 Rxc2 33. Rf8
Rxb2 34. g5 Rxa2 35. Rf6+ Kd7 36. Rd6+ Ke7 37. Rxc6 Rc4 38. Rxc4 bxc4 39. g6
Ra1+ 0-1

[Event "Haringey Masters"]
[Site "Muswell Hill London"]
[Date "1988.??.??"]
[Round "?"]
[White "Hodgson, Julian M"]
[Black "Davidovic, Aleksandar"]
[Result "1-0"]
[WhiteElo "2525"]
[BlackElo "2420"]
[PlyCount "57"]
[EventDate "1988.07.21"]
[EventType "schev"]
[EventRounds "9"]
[EventCountry "ENG"]
[SourceTitle "BritBase"]
[Source "John Saunders"]
[SourceDate "2020.09.07"]
[SourceVersion "1"]
[SourceVersionDate "2020.09.07"]
[SourceQuality "2"]

1. d4 d5 2. Bg5 Nd7 3. c4 c6 4. Nc3 Ngf6 5. cxd5 cxd5 6. e3 e6 7. Nf3 Be7 8.
Bd3 a6 9. Ne5 Nxe5 10. dxe5 Ne4 11. Bxe7 Nxc3 12. Qg4 Kxe7 13. Qb4+ Ke8 14.
bxc3 Qg5 15. O-O Qxe5 16. a4 Qc7 17. c4 dxc4 18. Rfc1 a5 19. Qb2 e5 20. Rxc4
Qd6 21. Rd1 Ke7 22. Be2 Qb8 23. Qb6 Be6 24. Rc7+ Kf6 25. Rdd7 Qf8 26. Bc4 Re8
27. f4 g5 28. f5 Kxf5 29. Bxe6+ 1-0

[Event "Haringey Masters"]
[Site "Muswell Hill London"]
[Date "1988.??.??"]
[Round "?"]
[White "Iclicki, Willy"]
[Black "Orr, Mark JL"]
[Result "1/2-1/2"]
[WhiteElo "2305"]
[BlackElo "2365"]
[PlyCount "148"]
[EventDate "1988.07.21"]
[EventType "schev"]
[EventRounds "9"]
[EventCountry "ENG"]
[SourceTitle "BritBase"]
[Source "John Saunders"]
[SourceDate "2020.09.07"]
[SourceVersion "1"]
[SourceVersionDate "2020.09.07"]
[SourceQuality "2"]

1. d4 Nf6 2. c4 e6 3. Nc3 Bb4 4. e3 b6 5. Bd3 Bb7 6. f3 c5 7. Nge2 cxd4 8. exd4
O-O 9. Bg5 Be7 10. O-O d5 11. cxd5 Nxd5 12. Bxe7 Qxe7 13. Nxd5 Bxd5 14. Nc3 Bb7
15. Qe2 Nd7 16. Qf2 Nf6 17. Qh4 Qb4 18. Qf2 Rad8 19. Rad1 Rd7 20. Rd2 Rfd8 21.
Rfd1 Nd5 22. a3 Qe7 23. Nxd5 Bxd5 24. Be4 Bb3 25. Rc1 e5 26. Bf5 Rxd4 27. Rxd4
exd4 28. Re1 Qf6 29. Bd3 g6 30. g3 Bd5 31. f4 Kg7 32. f5 Bb7 33. fxg6 hxg6 34.
Qxf6+ Kxf6 35. Kf2 Bc8 36. Re2 Be6 37. Ke1 Rd7 38. Kd2 Bg4 39. Re1 Be6 40. Rf1+
Ke7 41. Rc1 Kd6 42. Bb5 Rd8 43. Kd3 Ke5 44. Re1+ Kf6 45. Bc6 Kg5 46. Bf3 b5 47.
Re5+ Bf5+ 48. Kd2 a6 49. Rc5 Rd6 50. g4 Kf4 51. gxf5 Kxf3 52. fxg6 fxg6 53. Kd3
Kf4 54. Rc8 g5 55. Rf8+ Kg4 56. Rf2 Kh3 57. Rf5 Rg6 58. Rf2 g4 59. Kxd4 Re6 60.
Kc5 Re1 61. Rf6 Kxh2 62. Rxa6 Re5+ 63. Kb4 g3 64. Rh6+ Kg2 65. Rg6 Kf3 66. b3
g2 67. Rxg2 Kxg2 68. a4 bxa4 69. bxa4 Kf3 70. a5 Re1 71. a6 Ke4 72. Kc5 Ra1 73.
Kb6 Kd5 74. a7 Kd6 1/2-1/2

[Event "Haringey Masters"]
[Site "Muswell Hill London"]
[Date "1988.??.??"]
[Round "?"]
[White "Iclicki, Willy"]
[Black "Ward, Christopher"]
[Result "0-1"]
[WhiteElo "2305"]
[BlackElo "2325"]
[PlyCount "70"]
[EventDate "1988.07.21"]
[EventType "schev"]
[EventRounds "9"]
[EventCountry "ENG"]
[SourceTitle "BritBase"]
[Source "John Saunders"]
[SourceDate "2020.09.07"]
[SourceVersion "1"]
[SourceVersionDate "2020.09.07"]
[SourceQuality "2"]

1. d4 Nf6 2. c4 e6 3. Nc3 Bb4 4. e3 b6 5. Nge2 Ne4 6. Bd2 Nxd2 7. Qxd2 O-O 8.
a3 Be7 9. d5 d6 10. g3 Bb7 11. Bg2 c5 12. O-O e5 13. f4 exf4 14. exf4 Bc8 15.
a4 Bg4 16. Bf3 Bxf3 17. Rxf3 Nd7 18. a5 bxa5 19. Ne4 f5 20. N4c3 Rb8 21. Qc2
Bf6 22. Rb1 a6 23. Kg2 g6 24. h3 Nb6 25. b3 Qd7 26. Re3 Rfe8 27. Rxe8+ Qxe8 28.
g4 Qe3 29. gxf5 gxf5 30. Rf1 Bxc3 31. Nxc3 Rb7 32. Ne2 Rg7+ 33. Kh2 Nd7 34. Rg1
Qf2+ 35. Kh1 Rxg1+ 0-1

[Event "Haringey Masters"]
[Site "Muswell Hill London"]
[Date "1988.??.??"]
[Round "?"]
[White "Jacobs, Byron A"]
[Black "Iclicki, Willy"]
[Result "1-0"]
[WhiteElo "2320"]
[BlackElo "2305"]
[PlyCount "71"]
[EventDate "1988.07.21"]
[EventType "schev"]
[EventRounds "9"]
[EventCountry "ENG"]
[SourceTitle "BritBase"]
[Source "John Saunders"]
[SourceDate "2020.09.07"]
[SourceVersion "1"]
[SourceVersionDate "2020.09.07"]
[SourceQuality "2"]

1. e4 c6 2. d4 d5 3. f3 e6 4. Nc3 Bb4 5. Bf4 dxe4 6. fxe4 Nf6 7. Qd3 Qa5 8.
Nge2 O-O 9. O-O-O b5 10. e5 Nd5 11. Nxd5 cxd5 12. Kb1 Nc6 13. Qg3 f5 14. exf6
Rxf6 15. Nc1 Qb6 16. Bd3 Be7 17. Bg5 Bd7 18. Bxf6 Bxf6 19. Nb3 Nxd4 20. Nxd4
Bxd4 21. Bxh7+ Kxh7 22. Qh4+ Kg8 23. Qxd4 Qxd4 24. Rxd4 Rf8 25. Rd2 Bc6 26. c3
e5 27. Kc2 Rf5 28. Re2 e4 29. Kd2 Kf7 30. Ke3 Ke6 31. Rf2 Rg5 32. Kd4 Kd6 33.
Re1 Bd7 34. Re3 Re5 35. Rf7 g5 36. Rxd7+ 1-0